Journal of the Krishnamurti schools / (Record no. 51296)
[ view plain ]
| 000 -LEADER | |
|---|---|
| fixed length control field | 01413nam a22003617a 4500 |
| 005 - DATE AND TIME OF LATEST TRANSACTION | |
| control field | 20110329095544.0 |
| 006 - FIXED-LENGTH DATA ELEMENTS--ADDITIONAL MATERIAL CHARACTERISTICS--GENERAL INFORMATION | |
| fixed length control field | a|||||r|||||00| 0 |
| 007 - PHYSICAL DESCRIPTION FIXED FIELD--GENERAL INFORMATION | |
| fixed length control field | ta |
| 008 - FIXED-LENGTH DATA ELEMENTS--GENERAL INFORMATION | |
| fixed length control field | 040420c19979999ii ar | 00| 0 eng |
| 037 ## - SOURCE OF ACQUISITION | |
| Source of stock number/acquisition | Krishnamurti Foundation India, 64-65, Greenways Rd., Chennai-600028 |
| 040 ## - CATALOGING SOURCE | |
| Original cataloging agency | DLC |
| Transcribing agency | DLC |
| Modifying agency | OCoLC |
| -- | OCoLC |
| 042 ## - AUTHENTICATION CODE | |
| Authentication code | lc |
| 043 ## - GEOGRAPHIC AREA CODE | |
| Geographic area code | a-ii--- |
| -- | e-uk--- |
| 050 00 - LIBRARY OF CONGRESS CALL NUMBER | |
| Classification number | L61 |
| Item number | .J68 |
| 082 ## - DEWEY DECIMAL CLASSIFICATION NUMBER | |
| Classification number | 181.499 |
| 245 00 - TITLE STATEMENT | |
| Title | Journal of the Krishnamurti schools / |
| Statement of responsibility, etc | Krishnamurti Foundation India. |
| 260 ## - PUBLICATION, DISTRIBUTION, ETC. (IMPRINT) | |
| Place of publication, distribution, etc | Chennai : |
| Name of publisher, distributor, etc | Krishnamurti Foundation India, |
| Date of publication, distribution, etc | 1997- |
| 300 ## - PHYSICAL DESCRIPTION | |
| Extent | v. ; |
| Dimensions | 25 cm. |
| 310 ## - CURRENT PUBLICATION FREQUENCY | |
| Current publication frequency | Annual |
| 362 1# - DATES OF PUBLICATION AND/OR SEQUENTIAL DESIGNATION | |
| Dates of publication and/or sequential designation | Began with No. 1 in 1997. |
| 500 ## - GENERAL NOTE | |
| General note | Description based on: No. 2 (July 1998); title from cover. |
| 500 ## - GENERAL NOTE | |
| General note | Latest issue consulted: No. 6 (July 2002). |
| 600 10 - SUBJECT ADDED ENTRY--PERSONAL NAME | |
| Personal name | Krishnamurti, J. |
| Fuller form of name | (Jiddu), |
| Dates associated with a name | 1895-1986 |
| Form subdivision | Periodicals. |
| 9 (RLIN) | 26806 |
| 650 #0 - SUBJECT ADDED ENTRY--TOPICAL TERM | |
| Topical term or geographic name as entry element | Education |
| Geographic subdivision | India |
| Form subdivision | Periodicals. |
| 9 (RLIN) | 26807 |
| 650 #0 - SUBJECT ADDED ENTRY--TOPICAL TERM | |
| Topical term or geographic name as entry element | Schools |
| Geographic subdivision | India |
| Form subdivision | Periodicals. |
| 9 (RLIN) | 26808 |
| 710 2# - ADDED ENTRY--CORPORATE NAME | |
| Corporate name or jurisdiction name as entry element | Krishnamurti Foundation India. |
| 9 (RLIN) | 26809 |
| 856 ## - ELECTRONIC LOCATION AND ACCESS | |
| Uniform Resource Identifier | <a href="http://www.journal.kfionline.org/">http://www.journal.kfionline.org/</a> |
| 270 ## - ADDRESS | |
| Address | 124-126, Greenways Road, RA Puram, |
| City | Chennai |
| Postal code | 600028 |
| Electronic mail address | publications@kfionline.org |
| 906 ## - LOCAL DATA ELEMENT F, LDF (RLIN) | |
| a | 7 |
| b | cbc |
| c | serials |
| d | 2 |
| e | ncip |
| f | 20 |
| g | n-oclcserc |
| 942 ## - ADDED ENTRY ELEMENTS (KOHA) | |
| Source of classification or shelving scheme | Dewey Decimal Classification |
| Item type | Periodicals |
| Classification part | 181.499 |
| Call number suffix | JOU |
| Serial record | 1 |
| Withdrawn status | Lost status | Source of classification or shelving scheme | Damaged status | Not for loan | Home library | Current library | Date acquired | Total Checkouts | Full call number | Date last seen | Price effective from | Koha item type |
|---|---|---|---|---|---|---|---|---|---|---|---|---|
| Dewey Decimal Classification | Not For Loan | D.B.Act.Division | D.B.Act.Division | 29/03/2011 | 181.499 JOU | 29/03/2011 | 29/03/2011 | Periodicals |
